Sturdevant's art and science of operative dentistry. (Record no. 85050)

MARC details
000 -LEADER
fixed length control field 01074cam a2200277 a 4500
003 - CONTROL NUMBER IDENTIFIER
control field CBULib
005 - DATE AND TIME OF LATEST TRANSACTION
control field 20250626134904.0
008 - FIXED-LENGTH DATA ELEMENTS--GENERAL INFORMATION
fixed length control field 111223s2013 moua b 001 0 eng
020 ## - INTERNATIONAL STANDARD BOOK NUMBER
International Standard Book Number 9780323083331 (hardcover : alk. paper)
040 ## - CATALOGING SOURCE
Original cataloging agency DNLM/DLC
Transcribing agency CBULib
Modifying agency CBULib
Language of cataloging English
Description conventions rda
050 00 - LIBRARY OF CONGRESS CALL NUMBER
Classification number RK 501 Hey
100 ## - MAIN ENTRY--PERSONAL NAME
9 (RLIN) 4648
Personal name Heyman, Harald O.
245 00 - TITLE STATEMENT
Title Sturdevant's art and science of operative dentistry.
Statement of responsibility, etc / edited by Harald O. Heyman; Edward J. Swift, Jr.; Andre V, Ritter
250 ## - EDITION STATEMENT
Edition statement 6th edition
Remainder of edition statement [edited by] Harald O. Heymann, Edward J. Swift Jr., Andre V. Ritter.
260 ## - PUBLICATION, DISTRIBUTION, ETC. (IMPRINT)
Place of publication, distribution, etc St. Louis, Mo. :
Name of publisher, distributor, etc Elsevier/Mosby,
Date of publication, distribution, etc c2013.
300 ## - PHYSICAL DESCRIPTION
Extent xv, 548 pages :
Other physical details illustration (some color) ;
336 ## - CONTENT TYPE
Source rdacontent
Content type term Text |
Content type code txt
337 ## - MEDIA TYPE
Source rdamedia
Media type term Unmediated |
Media type code n
338 ## - CARRIER TYPE
Source rdacarrier
Carrier type term Volume
Carrier type code nc
504 ## - BIBLIOGRAPHY, ETC. NOTE
Bibliography, etc Includes bibliographical references and index.
650 10 - SUBJECT ADDED ENTRY--TOPICAL TERM
Topical term or geographic name as entry element DENTISTRY, OPERATIVE
9 (RLIN) 4649
700 ## - ADDED ENTRY--PERSONAL NAME
Personal name Swift, Edward J.
9 (RLIN) 4650
Relator term editor
700 ## - ADDED ENTRY--PERSONAL NAME
Personal name Ritter, Andre V.
9 (RLIN) 4651
Relator term editor
700 1# - ADDED ENTRY--PERSONAL NAME
Personal name Sturdevant, Clifford M.
942 ## - ADDED ENTRY ELEMENTS (KOHA)
Source of classification or shelving scheme
Koha item type MONOGRAPH
Holdings
Withdrawn status Lost status Source of classification or shelving scheme Damaged status Not for loan Collection code Permanent Location Current Location Date acquired Total Checkouts Full call number Barcode Date last seen Date checked out Price effective from Koha item type Shelving location Source of acquisition Inventory number
          Medical Library Collection CBU-MAIN LIBRARY, KITWE. CBU-MAIN LIBRARY, KITWE. 06/26/2025   RK 501 Hey 934178 06/26/2025   06/26/2025 MONOGRAPH General Stacks Book Aid International 904994
          Medical Library Collection CBU-SCHOOL OF MEDICINE LIBRARY, NDOLA. CBU-SCHOOL OF MEDICINE LIBRARY, NDOLA. 06/24/2024 1 RK 501 Hey 904996 07/08/2024 06/24/2024 06/24/2024 MONOGRAPH      
          Medical Library Collection CBU-SCHOOL OF MEDICINE LIBRARY, NDOLA. CBU-SCHOOL OF MEDICINE LIBRARY, NDOLA. 07/22/2024 2 RK 501 Hey 904997 10/30/2025 06/23/2025 07/22/2024 MONOGRAPH